Conversation analysis: the study of talk-in-interaction (Record no. 38746)
[ view plain ]
| 000 -LEADER | |
|---|---|
| fixed length control field | 00954nam a2200253 a 4500 |
| 001 - CONTROL NUMBER | |
| control field | 2070117 |
| 008 - FIXED-LENGTH DATA ELEMENTS--GENERAL INFORMATION | |
| fixed length control field | 181031s1995 ||||||||||||||||| || u |
| 010 ## - LIBRARY OF CONGRESS CONTROL NUMBER | |
| LC control number | 94033889 |
| 020 ## - INTERNATIONAL STANDARD BOOK NUMBER | |
| International Standard Book Number | 9780803957473 |
| 020 ## - INTERNATIONAL STANDARD BOOK NUMBER | |
| International Standard Book Number | 0803957475 (pbk.) |
| 050 ## - LIBRARY OF CONGRESS CALL NUMBER | |
| Classification number | P 95.45 Psa |
| 100 ## - MAIN ENTRY--PERSONAL NAME | |
| Personal name | Psathas, George |
| 245 10 - TITLE STATEMENT | |
| Title | Conversation analysis: the study of talk-in-interaction |
| Statement of responsibility, etc. | By George Psathas |
| 260 ## - PUBLICATION, DISTRIBUTION, ETC. | |
| Place of publication, distribution, etc. | Thousand Oaks: |
| Name of publisher, distributor, etc. | SAGE |
| Date of publication, distribution, etc. | 1995 |
| 300 ## - PHYSICAL DESCRIPTION | |
| Extent | vii, 85p. |
| 350 ## - PRICE (NR) (BK AM CF MU VM SE) [OBSOLETE] | |
| Price | 29.00 |
| 490 ## - SERIES STATEMENT | |
| Series statement | Qualitative research methods |
| 490 ## - SERIES STATEMENT | |
| Volume/sequential designation | v. 35 |
| 500 ## - GENERAL NOTE | |
| General note | Includes bibliographical references (p. 79-84). |
| 650 #0 - SUBJECT ADDED ENTRY--TOPICAL TERM | |
| Topical term or geographic name entry element | CONVERSATION ANALYSIS |
| 856 ## - ELECTRONIC LOCATION AND ACCESS | |
| Uniform Resource Identifier | <a href="http://www.loc.gov/catdir/enhancements/fy0655/94033889-d.html">http://www.loc.gov/catdir/enhancements/fy0655/94033889-d.html</a> |
| 856 ## - ELECTRONIC LOCATION AND ACCESS | |
| Uniform Resource Identifier | <a href="http://www.loc.gov/catdir/enhancements/fy0655/94033889-t.html">http://www.loc.gov/catdir/enhancements/fy0655/94033889-t.html</a> |
| 995 ## - RECOMMENDATION 995 [LOCAL, UNIMARC FRANCE] | |
| -- | CBU-MAIN LIBRARY (Kitwe) |
| -- | 29.00 |
| -- | 1 |
| -- | AVAILABLE |
| -- | Oct 31, 2018 |
| -- | Main Library Open Access Collection |
| Withdrawn status | Lost status | Source of classification or shelving scheme | Damaged status | Not for loan | Home library | Current library | Shelving location | Date acquired | Total Checkouts | Full call number | Barcode | Date last seen | Price effective from | Koha item type |
|---|---|---|---|---|---|---|---|---|---|---|---|---|---|---|
| CBU-MAIN LIBRARY, KITWE. | CBU-MAIN LIBRARY, KITWE. | 11/30/2022 | P 95.45 Psa | 748730 | 11/30/2022 | 11/30/2022 | MONOGRAPH |